Statistics for US States with 8 Letters

Click here to take the quiz!

General Stats

  • This quiz has been taken 29 times
  • The average score is 11 of 11

Answer Stats

State8 Letters% Correct
ILIllinois
100%
KYKentucky
100%
NENebraska
100%
OKOklahoma
100%
ARArkansas
96%
COColorado
96%
VAVirginia
96%
DEDelaware
93%
MIMichigan
93%
MDMaryland
89%
MOMissouri
86%

Score Distribution

Percentile by Number Answered

Percent of People with Each Score

Your Score History

You have not taken this quiz